000 03418nam0a2200505 4500
001 RU\NLR\BIBL_A\016341888
005 20230518134114.0
010 _9100
_a978-5-7508-1983-6
021 _aRU
_bКН-П-23-015800
_9КН-П-23-1574
029 1 0 _aRU
_b2.6.1.0283-22
_cМР
035 _a(NLR Aleph) 016341888
035 _a(RuMoRGB)011649670
090 _a13094348
_c13094348
100 _a20230412d2023 k y0rusy50 ca
101 0 _arus
102 _aRU
105 _ay l 000|y
181 1 _ai
_b e
182 1 _an
200 9 _aКритерии и требования по обеспечению процедуры перехода населенных пунктов от условий радиационной аварии к условиям нормальной жизнедеятельности населения
_eМР 2.6.1.0283-22
_eИзменения № 1 в МР 2.6.1.0055-11
_fразработаны ФБУН " Санкт-Петербургский научно-исследовательский институт радиационной гигиены им. проф. П.В. Рамзаева" Роспотребнадзора
203 _aТекст
_bвизуальный
_cнепосредственный
205 _aИзд. офиц.
205 _aИзм. № 1
210 _aМосква
_cРоспотребнадзор
_d2023
_eМосква
215 _a6, [1] с.
_d21
225 1 _a2.6.1. Гигиена. Радиационная гигиена. Ионизирующее излучение. Радиационная безопасность
225 1 _aГосударственное санитарно-эпидемиологическое нормирование Российской Федерации
_fФедеральная служба по надзору в сфере защиты прав потребителей и благополучия человека
239 _aВвед. 11.05.2022
320 _aБиблиогр. в тексте
517 1 _aМР 2.6.1.0283-22
517 1 _aМР 2.6.1.0055-11
606 1 _aРадиационная безопасность
_yРоссийская Федерация
_jМетодические пособия
_2nlr_sh1
_2nlr_sh2
_3RU\NLR\AUTH\661316060
606 1 _aОкружающая среда
_xЗагрязнение радиоактивными веществами после радиационных аварий
_xМониторинг
_jМетодические пособия
_2nlr_sh2
_3RU\NLR\AUTH\661463820
606 1 _aРадиационные аварии
_xПоследствия
_xСанитарно-гигиеническая оценка
_jМетодические пособия
_2nlr_sh1
_2nlr_sh2
_3RU\NLR\AUTH\661285431
675 _a614.876(083.Р126.02я8
_v4
686 _v2000
_2oks
686 1 _aР126.03я8
686 1 _aР368-2я8
712 0 1 _aРоссийская Федерация
_bФедеральная служба по надзору в сфере защиты прав потребителей и благополучия человека
_3RU\NLR\AUTH\8810073282
_4725
712 0 2 _aСанкт-Петербургский НИИ радиационной гигиены им. П. В. Рамзаева
_3RU\NLR\AUTH\8810131242
_4900
942 _cBOOK
980 _aNB